000
00314cam a22001217a 4500
008
180718b1983 xxu||||| |||| 00| 0 eng d
082
_a
I51 M318
100
_a
Mant, Alistair
245
_a
Leaders we deserve
_c
by Alistair Mant
260
_a
Oxford
_b
Martin Robertson
_c
1983
300
_a
250p.
650
_a
Leadership
999
_c
349950
_d
349950